[Event "Mecklenburg VP LL 0506"]
[Site "Mecklenburg VP"]
[Date "2006.01.29"]
[Round "6.4"]
[White "Ledovski, Alexander"]
[Black "Friedrich, Paul Robert"]
[Result "1-0"]
[WhiteElo "1879"]
[BlackElo "1877"]
[PlyCount "59"]
[EventDate "2005.10.23"]
[EventType "team-tourn"]
[EventRounds "9"]
[EventCountry "GER"]
[SourceTitle "EXT 2008"]
[Source "ChessBase"]
[SourceDate "2007.11.25"]
[SourceVersion "1"]
[SourceVersionDate "2007.11.25"]
[SourceQuality "1"]
[WhiteTeam "Stralsund FHSG"]
[BlackTeam "Ludwigslust"]
[WhiteTeamCountry "GER"]
[BlackTeamCountry "GER"]

1. c4 Nf6 2. Nc3 g6 3. g3 Bg7 4. Bg2 0-0 5. Nf3 d6 6. 0-0 e5 7. Rb1 Bf5 8. d3 Qd7 9. Nh4 Nc6 10. Nxf5 Qxf5 11. b4 a6 12. a4 Nd8 13. a5 Re8 14. Qa4 c6 15. b5 axb5 16. cxb5 d5 17. bxc6 bxc6 18. e4 dxe4 19. Nxe4 Nxe4 20. Bxe4 Qd7 21. Be3 f5 22. Bg2 Re6 23. Bb6 Rd6 24. a6 Qc8 25. a7 Kh8 26. Bxd8 Rxd8 27. Bxc6 Rd4 28. Qxd4 exd4 29. Bxa8 Be5 30. Bb7 1-0

[Event "Mecklenburg VP LL 0506"]
[Site "Mecklenburg VP"]
[Date "2005.10.23"]
[Round "1.4"]
[White "Pentzien, Volker"]
[Black "Friedrich, Paul Robert"]
[Result "1-0"]
[WhiteElo "1927"]
[BlackElo "1877"]
[PlyCount "93"]
[EventDate "2005.10.23"]
[EventType "team-tourn"]
[EventRounds "9"]
[EventCountry "GER"]
[SourceTitle "EXT 2008"]
[Source "ChessBase"]
[SourceDate "2007.11.25"]
[SourceVersion "1"]
[SourceVersionDate "2007.11.25"]
[SourceQuality "1"]
[WhiteTeam "Wismar"]
[BlackTeam "Ludwigslust"]
[WhiteTeamCountry "GER"]
[BlackTeamCountry "GER"]

1. e4 e6 2. d4 d5 3. Nc3 Nf6 4. Bg5 dxe4 5. Nxe4 Be7 6. Bxf6 Bxf6 7. Nf3 Nd7 8. Qd2 0-0 9. Nxf6+ Nxf6 10. Bd3 c5 11. dxc5 Qc7 12. b4 e5 13. Ng5 e4 14. Bc4 Qe5 15. 0-0 Ng4 16. f4 exf3 17. Nxf3 Qe3+ 18. Kh1 Qxd2 19. Nxd2 Ne3 20. Rf3 Nxc2 21. Rxf7 Rxf7 22. Rf1 Ne3 23. Bxf7+ Kf8 24. Rf3 Bg4 25. Rf2 Bf5 26. Bb3 g6 27. h3 h5 28. Ne4 Re8 29. Nd6 Re7 30. Nc8 Re4 31. a3 Rd4 32. Nd6 Rd3 33. Rb2 b6 34. Nxf5 gxf5 35. c6 Rc3 36. b5 Rc1+ 37. Kh2 Nf1+ 38. Kg1 Ng3+ 39. Kf2 f4 40. Kf3 Nf5 41. Kxf4 Nd4 42. Ke5 Nxb5 43. Rf2+ Ke8 44. Bf7+ Kd8 45. Rd2+ Kc7 46. Bxh5 Kxc6 47. Be8+ 1-0

[Event "GER-ch U16"]
[Site "Willingen"]
[Date "2005.05.21"]
[Round "9"]
[White "Friedrich, Paul Robert"]
[Black "Kuehn, Martin"]
[Result "1-0"]
[WhiteElo "1956"]
[BlackElo "1758"]
[PlyCount "37"]
[EventDate "2005.05.14"]
[EventType "swiss"]
[EventRounds "9"]
[EventCountry "GER"]
[SourceTitle "CBM 106 Extra"]
[Source "ChessBase"]
[SourceDate "2005.07.01"]
[SourceVersion "1"]
[SourceVersionDate "2005.07.01"]
[SourceQuality "1"]

1. d4 e6 2. c4 d5 3. Nc3 Nf6 4. Nf3 c6 5. Bg5 Be7 6. e3 0-0 7. cxd5 exd5 8. Bd3 Bg4 9. Qc2 Nbd7 10. 0-0 Bh5 11. Rab1 Bg6 12. b4 Ne4 13. Bxe7 Qxe7 14. b5 cxb5 15. Nxd5 Qd6 16. Bxe4 Bxe4 17. Qxe4 Rfe8 18. Qf5 g6 19. Qxd7 1-0

[Event "GER-ch U16"]
[Site "Willingen"]
[Date "2005.05.15"]
[Round "1"]
[White "Friedrich, Paul Robert"]
[Black "Abel, Dennes"]
[Result "0-1"]
[WhiteElo "1956"]
[BlackElo "2177"]
[PlyCount "46"]
[EventDate "2005.05.14"]
[EventType "swiss"]
[EventRounds "9"]
[EventCountry "GER"]
[SourceTitle "CBM 106 Extra"]
[Source "ChessBase"]
[SourceDate "2005.07.01"]
[SourceVersion "1"]
[SourceVersionDate "2005.07.01"]
[SourceQuality "1"]

1. d4 d5 2. c4 c6 3. Nc3 Nf6 4. Nf3 dxc4 5. a4 Bf5 6. Bg5 Qb6 7. Qc1 Na6 8. Bxf6 gxf6 9. a5 Qc7 10. e4 Bg4 11. Bxc4 Nb4 12. Ne2 e6 13. Qc3 Be7 14. h3 Bxf3 15. gxf3 0-0-0 16. a6 b6 17. Nc1 Rxd4 18. Na2 Qd6 19. Rc1 Nxa2 20. Bxa2 c5 21. b4 Qe5 22. Ke2 Rhd8 23. Rc2 Rxe4+ 0-1

[Event "Mecklenburg VP LL 0405"]
[Site "Mecklenburg VP"]
[Date "2005.04.10"]
[Round "8.6"]
[White "Friedrich, Paul Robert"]
[Black "Sonnenberger, Kirsten"]
[Result "0-1"]
[WhiteElo "1756"]
[BlackElo "1916"]
[PlyCount "104"]
[EventDate "2004.10.24"]
[EventType "team-tourn"]
[EventRounds "9"]
[EventCountry "GER"]
[SourceTitle "EXT 2009"]
[Source "ChessBase"]
[SourceDate "2008.11.26"]
[SourceVersion "1"]
[SourceVersionDate "2008.11.26"]
[SourceQuality "1"]
[WhiteTeam "Ludwigslust"]
[BlackTeam "Rostock II"]
[WhiteTeamCountry "GER"]
[BlackTeamCountry "GER"]

1. d4 Nf6 2. c4 g6 3. Nc3 Bg7 4. e4 d6 5. Be2 0-0 6. Nf3 Nbd7 7. 0-0 e5 8. d5 Nh5 9. Re1 Nf4 10. Bf1 Nf6 11. h3 Bd7 12. Be3 h6 13. Qd2 g5 14. h4 Ng4 15. hxg5 hxg5 16. g3 Qf6 17. gxf4 gxf4 18. Bxf4 exf4 19. Ne2 Ne5 20. Nxe5 dxe5 21. f3 Qb6+ 22. Kh2 Qh6+ 23. Kg1 f5 24. Nc3 Rf6 25. Re2 Bf8 26. Rg2+ Kf7 27. Kf2 Bc5+ 28. Ke1 Rh8 29. Kd1 Be3 30. Qe2 Qf8 31. Kc2 Rh1 32. Rd1 Rfh6 33. a3 Qh8 34. Kb1 R6h2 35. b4 Bd4 36. Kb2 Qh5 37. Rd2 Rxg2 38. Bxg2 Rg1 39. Kb3 Qh4 40. c5 Re1 41. Qc4 Bxc3 42. Qxc3 Re3 43. Rd3 Qf2 44. Bh3 Qxf3 45. Rxe3 fxe3 46. Bxf5 Bxf5 47. exf5 Qxd5+ 48. Kc2 Qd2+ 49. Qxd2 exd2 50. Kxd2 Kf6 51. a4 Kxf5 52. b5 c6 0-1